000 00814cam a2200265 4500
001 4392
005 20240902091956.0
020 _a9780395253786
040 _aDLC
_cDLC
_dDLC
_beng
050 0 0 _aPZ7.W113
082 0 0 _a823.91
100 1 _aWaber, Bernard
245 1 0 _aLovable Lyle
260 _aBoston :
_bHoughton Mifflin ,
_c1969
300 _a48 pages :
_bcolor illustrations ;
_c28 cm.
490 _a Lyle the Crocodile
505 _aR
520 _aLyle, the crocodile, thought everyone loved him until the day he received a hate note from an anonymous despiser.
521 _a710
_bLexile AD
521 _aR
_bRaz-Plus
650 1 _aCrocodiles
_xFiction.
655 7 _aJuvenile literature
_y1969.
_2rbgenr
906 _a0
_bcbc
_corignew
_du
_encip
_f19
_gy-genrareb
942 _2ddc
_cBK
_n0
999 _c4392
_d4392